| 000 | 01930cam a22002415a 4500 | ||
|---|---|---|---|
| 001 | L158690 | ||
| 008 | 150619s2014 xxk f 000 0 eng d | ||
| 035 | _a(Sirsi) u158690 | ||
| 041 | 0 | _aeng | |
| 110 | 2 |
_aDeloitte _95633 |
|
| 240 | _aIndependent Options Appraisal | ||
| 245 | 0 | 0 |
_aPalace of Westminster restoration and renewal programme independent options _bFinal Report |
| 260 |
_aLondon _bDeloitte _c2014 |
||
| 520 | _aTwo part report setting out three independently produced, costed options to enable Parliament to reach a decision on the means of restoring and renewing the Palace of Westminster. The three suggested delivery options include 1) continuing repairs and replacement of the fabric and systems of the Palace over a significant period of time 2)A defined, rolling programme of more substantial repairs and replacement over a long period, but still working around continued use of the Palace and 3) scheduling works over a more concentrated period with parliamentary activities moved elsewhere to allow unrestricted access for the delivery of works. The proposals differ on time and costs. A new Joint Select Committee of the two Houses is now expected to be formed to review and consider the findings of the report. The Committee will recommend a preferred way forward, with a decision in principle expected to be made by members of both Houses in spring 2016. Part 1 includes Executive Summary, Glossary of terms used in report and detailed breakdown of the proposed delivery options. Part 2 contains supporting documentation. | ||
| 590 | _aKA | ||
| 650 | 2 | 4 | _aPALACE OF WESTMINSTER |
| 650 | 2 | 4 | _aHOUSES OF PARLIAMENT |
| 651 | 4 | _aLondon | |
| 690 | _aConservation and restoration | ||
| 710 | 1 | _aAECOM | |
| 856 | 4 | 0 |
_uhttps://www.restorationandrenewal.parliament.uk/IOA-report.html#report-list-supporting _zView the item free of charge from the www.restorationandrenewal.parliament.uk |
| 942 | _n0 | ||
| 999 |
_c115459 _d115459 |
||